The democratic peace and territorial conflict in the twentieth century

Αποθηκεύτηκε σε:
Λεπτομέρειες βιβλιογραφικής εγγραφής
Κύριος συγγραφέας: Huth, Paul K., 1959-
Άλλοι συγγραφείς: Allee, Todd L.
Μορφή: Βιβλίο
Γλώσσα:English
Δημοσίευση: Cambridge : Cambridge University Press, 2002
Σειρά:Cambridge studies in international relations
Θέματα:
Ετικέτες: Προσθήκη ετικέτας
Δεν υπάρχουν, Καταχωρήστε ετικέτα πρώτοι!

MARC

LEADER 00000cam a2200000 i 4500
001 1/63160
008 041019s2002 eng d
020 |a 0-521-80508-2 (pbk.) 
035 |l 10074782 
040 |a GR-MY-UA  |b gre  |e aacr 
041 0 |a eng 
082 0 |a 327.160904 
100 1 |a Huth, Paul K.,   |d 1959- 
245 1 4 |a The democratic peace and territorial conflict in the twentieth century /  |c Paul K. Huth and Todd L. Allee 
260 |a Cambridge :   |b Cambridge University Press,   |c 2002 
300 |a 488 p.;  |c 23 εκ. 
490 1 |a Cambridge studies in international relations 
504 |a Includes bibliographical references and index 
650 0 0 |a International relations. 
650 0 0 |a Democracy. 
650 0 0 |a World politics  |y 20th century. 
700 1 |a Allee, Todd L. 
830 0 |a Cambridge studies in international relations 
852 |a INST  |b RHODES  |e 20041019  |h 327.160904 HUT  |p 005400018399  |q 005400018399  |t BK  |y 0 
852 |a INST  |b RHODES  |e 20050920  |h 327.160904 HUT  |p 005400022288  |q 005400022288  |t BK  |y 0 
901 |a BIBL4-2004-3 
909 |a Ρ  |b 109977 
909 |a Ρ  |b 122496 
920 |a ΔΙΕΥΡΥΝΣΗ  |b ΕΠΕΑΕΚ ΙΙ-ΤΜΣ  |y ΡΟΔΟΣ  |z 2004-10 
970 |a ΚΟΥΛΑΚΙΟΤΗ  |b ΛΙΤΣΑ  |z 2004/10/19